000 01264cam a2200349 4500
002 7679
008 040902n2004 000 0 eng u
020 _a0750657332
035 _a(Sirsi) u127248
041 _aeng.
050 _a690.241
_c18
100 _aBeckmann, Poul
245 _aStructural aspects of building conservation
250 _a2nd.ed.
260 _aOxford
_bButterworth Heinemann
_c2004
300 _axxiii, 341p.
_bill.
_c24cm
350 _a35
520 _aA working manual for assessing the structural condition and specifyng the repair of all types of historic and other existing buildings. Intended for structural engineers, planners, surveyors, and those involved in building conservation. Discusses buildings built between the eleventh to late twentieth century. Supersedes previous edition (ISBN 0077079906)
650 _aCONCRETE
650 _aBUILT ENVIRONMENT-BUILDING ELEMENTS-COMPLETE BUILDING ELEMENTS-FOUNDATIONS
650 _aHISTORIC BUILDINGS
650 _aIRON
650 _aMASONRY
650 _aREPAIRS
650 _aSTEELWORK
650 _aSTRUCTURAL APPRAISAL
650 _aSTRUCTURAL ENGINEERING
650 _aTIMBER
690 _aBUILDING CONSERVATION
700 _aBowles, R.
942 _n0
999 _c103718
_d103718